000 00218 a2200097 4500
020 _a9789364879873
100 _aPrabhavarma
245 _aShadkalam(ഷഡ്‌കാലം)
260 _bD C books
_c2024
942 _cOO
999 _c115323
_d115322